Global development finance: The development potential of surging capital flows

保存先:
書誌詳細
団体著者: The World Bank
フォーマット: 図書
言語:Undetermined
出版事項: Washington, DC. The World Bank 2006
主題:
タグ: タグ追加
タグなし, このレコードへの初めてのタグを付けませんか!
Thư viện lưu trữ: Trung tâm Học liệu Trường Đại học Cần Thơ
LEADER 00589nam a2200193Ia 4500
001 CTU_118619
008 210402s9999 xx 000 0 und d
082 |a 336.3 
082 |b W927 
110 |a The World Bank 
245 0 |a Global development finance: 
245 4 |b The development potential of surging capital flows 
260 |a Washington, DC. 
260 |b The World Bank 
260 |c 2006 
650 |a Debts, external,International finance 
650 |x Developing countries,Statistics,Periodicals 
904 |i Minh 
980 |a Trung tâm Học liệu Trường Đại học Cần Thơ